| 000 | 00656nam a2200133Ia 4500 | ||
|---|---|---|---|
| 008 | 171212s9999 xx 000 0 und d | ||
| 020 | _a9780833039880 | ||
| 100 | _aDobbins, James;Jones, Seth G.;Crane, Keith;DeGrasse, Beth Cole;Seth G. Jones, ;Keith Crane, ;Beth Cole DeGrasse, | ||
| 245 |
_cDobbins, James;Jones, Seth G.;Crane, Keith;DeGrasse, Beth Cole;Seth G. Jones, ;Keith Crane, ;Beth Cole DeGrasse, _aThe Beginner's Guide to Nation-Building |
||
| 260 |
_bRAND Corporation _c2007 |
||
| 650 | _aHistory | ||
| 650 | _aNation-building; Nation-building -- Case studies; Peace-building; Democratization | ||
| 856 | _uwww.jstor.org/stable/10.7249/mg557srf | ||
| 999 |
_c352618 _d352618 |
||